Gīta, ghajaleṃ, aura muktaka. (Record no. 83880)

MARC details
000 -LEADER
fixed length control field 00655cam a22002171 4500
001 - CONTROL NUMBER
control field sa 68011420
003 - CONTROL NUMBER IDENTIFIER
control field DLC
005 - DATE AND TIME OF LATEST TRANSACTION
control field 20260227112559.0
008 - FIXED-LENGTH DATA ELEMENTS--GENERAL INFORMATION
fixed length control field 881102s1968 ii 000 0 hino
010 ## - LIBRARY OF CONGRESS CONTROL NUMBER
LC control number sa 68011420
035 ## - SYSTEM CONTROL NUMBER
System control number (OCoLC)23546609
040 ## - CATALOGING SOURCE
Original cataloging agency DLC
Transcribing agency MiU
Modifying agency NRU
-- DLC
042 ## - AUTHENTICATION CODE
Authentication code premarc
050 00 - LIBRARY OF CONGRESS CALL NUMBER
Classification number PK2057
Item number .P34
100 1# - MAIN ENTRY--PERSONAL NAME
Personal name Pardesī, Ramagopāla,
Dates associated with a name 1937-
245 10 - TITLE STATEMENT
Title Gīta, ghajaleṃ, aura muktaka.
Statement of responsibility, etc. Sampādaka Rāmagopāla Paradesī.
250 ## - EDITION STATEMENT
Edition statement [1. saṃskaraṇa]
260 ## - PUBLICATION, DISTRIBUTION, ETC.
Place of publication, distribution, etc. Āgarā,
Name of publisher, distributor, etc. Pragati Prakāśana;
-- [Mukhya vitaraka Virāja Prakāśana,
Date of publication, distribution, etc. 1968]
300 ## - PHYSICAL DESCRIPTION
Extent 96, 16, 68 p.
Dimensions 19 cm.
650 #0 - SUBJECT ADDED ENTRY--TOPICAL TERM
Topical term or geographic name entry element Hindi poetry.

No items available.

Powered by Koha